| 000 | 00836nam a2200229 a 4500 | ||
|---|---|---|---|
| 999 |
_c10602 _d10602 |
||
| 001 | 10602 | ||
| 003 | BD-JhCC | ||
| 005 | 20191114134019.0 | ||
| 008 | 180728s20141980bg |||| |||| 000 0 mul d | ||
| 020 | _a984845517X | ||
| 035 | _a(BD-JhCC)10602 | ||
| 040 |
_aBD-JhCC _dBD-JhCC |
||
| 041 | _aBenagla and Arabic | ||
| 082 |
_a297 _bROH 2014 |
||
| 100 | _aরহিম, মওলানা মুহাম্মাদ আবদুর | ||
| 245 |
_aআল-কুরাআনের আলোকে উন্নত জীবনের আদর্শ / _cমওলানা মুহাম্মাদ আবদুর রহিম, |
||
| 260 |
_aঢাকা : _bখায়রুন, _c২০১৪. |
||
| 300 |
_a৪৩২ পৃ. : _c২২ সেমি. |
||
| 504 | _aIncludes Bibliography | ||
| 650 | _aIslam | ||
| 942 |
_2ddc _cBK _02 |
||